Statistics for Countries With The Most Debt

Click here to take the quiz!

General Stats

  • This quiz has been taken 29 times
  • The average score is 13 of 16

Answer Stats

Amount Country % Correct
$18,624.00 BUnited States
100%
$2,324.420 BItaly
100%
$5,369.125 BFrance
96%
$7,852.460 BUnited Kingdom
96%
$1,775.920 BCanada
93%
$2,036.560 BSpain
93%
$5,141.400 BGermany
93%
$1,562.800 BChina
89%
$1,487.720 BAustralia
86%
$3,516.200 BJapan
86%
$4,306.190 BNetherlands
82%
$1,278.465 BBelgium
79%
$1,738.370 BSwitzerland
68%
$2,236.430 BIreland
64%
$1,320.567 BSingapore
36%
$3,900.665 BLuxembourg
32%

Score Distribution

Percentile by Number Answered

Percent of People with Each Score

Your Score History

You have not taken this quiz